|
|
|
|
| LEADER |
00000nab a2200000 ar4500 |
| 001 |
vtls009003391 |
| 003 |
SK-MaSNL |
| 005 |
20260319071254.0 |
| 008 |
061206c2006 xo |||||||| 000 b|hun |
| 015 |
|
|
|a SNBRB2006/12
|2 snkbucl
|
| 038 |
|
|
|a SNKBUCL
|
| 040 |
|
|
|a DSZK
|b slo
|c DSZK
|e AACR2
|
| 041 |
0 |
|
|a hun
|
| 044 |
|
|
|a xo
|c SK
|
| 080 |
|
|
|a 284.2
|x (437.6)
|2 1997
|
| 080 |
|
|
|a 262.1:061.3
|2 1997
|
| 100 |
1 |
|
|a Süll, Tamás,
|d 1978-
|4 aut
|9 871169
|
| 245 |
1 |
0 |
|a Országos lelkészkonferencia
|b Berekfürdő
|c Süll Tamás
|
| 300 |
|
|
|b Fotogr.
|
| 610 |
2 |
7 |
|a Reformovaná kresťanská cirkev na Slovensku
|x maďarskí duchovní
|x konferencie
|2 snkbucl
|9 1065769
|
| 648 |
|
7 |
|a 2006
|2 snkbucl
|9 313148
|
| 648 |
|
7 |
|a 25-28.9.2006
|2 snkbucl
|9 1065770
|
| 651 |
|
7 |
|a Berekfürdő (Maďarsko)
|2 snkbucl
|9 1036651
|
| 773 |
0 |
|
|t Kálvinista szemle
|g Évf. LXXVII, sz. 11 (2006), o. 6
|x 1335-7298
|
| 852 |
|
|
|a SNK
|b KIS3GCP
|
| 852 |
|
|
|a DSZK
|b KIS3GCP
|
| 958 |
|
|
|a HU
|
| 958 |
|
|
|a SK
|
| 958 |
|
|
|a NT
|
| 999 |
|
|
|c 1751680
|d 1753610
|